Производство и окружающая среда (Проблемы управления)

Podrobná bibliografie
Další autoři: Раскин В. Г. (редактор)
Jazyk:ruština
Vydáno: Томск, Изд-во Томского ун-та, 1984
Témata:
Médium: MixedMaterials Kniha
KOHA link:https://koha.lib.tpu.ru/cgi-bin/koha/opac-detail.pl?biblionumber=98027

MARC

LEADER 00000nam0a2200000 4500
001 98027
005 20231031111204.0
020 |a RU  |b 85-40407 
035 |a (RuTPU)RU\TPU\book\105068 
090 |a 98027 
100 |a 20060608d1984 m y0rusy5003 ca 
101 0 |a rus 
102 |a RU 
105 |a y z 001zy 
200 1 |a Производство и окружающая среда (Проблемы управления)  |f под ред. В. Г. Раскина 
210 |a Томск  |c Изд-во Томского ун-та  |d 1984 
215 |a 173 с. 
610 1 |a окружающая среда 
610 1 |a охрана 
610 1 |a производство 
610 1 |a управление 
610 1 |a промышленные отходы 
610 1 |a влияние 
610 1 |a природоохранная деятельность 
675 |a 502  |v 3 
702 1 |a Раскин  |b В. Г.  |4 340 
801 0 |a RU  |b RuMRKP  |c 19950704  |g psbo 
801 1 |a RU  |b 63413507  |c 20060608  |g PSBO 
801 2 |a RU  |b 63413507  |c 20060920  |g PSBO 
942 |c BK